[Event "2024 National Elementary (K-6) Championship"]
[Site "Columbus, Ohio, United States"]
[Date "????.??.??"]
[Round "1.24"]
[White "Shan, Lei"]
[Black "Qiao, Richardson Jingsi"]
[Result "0-1"]
[TimeControl "G/90; d10"]
[BlackFideId "39927822"]
[WhiteElo "1147"]
[BlackElo "1861"]

1. e4 {[%clk 01:30:00]} {[%emt 00:00:01]} e5 {[%clk 01:29:48]} {[%emt
00:00:23]} 2. Nf3 {[%clk 01:30:00]} {[%emt 00:00:04]} Nc6 {[%clk 01:29:38]}
{[%emt 00:00:20]} 3. Bc4 {[%clk 01:30:00]} {[%emt 00:00:07]} Bc5 {[%clk
01:29:18]} {[%emt 00:00:30]} 4. c3 {[%clk 01:30:00]} {[%emt 00:00:09]} Nf6
{[%clk 01:29:18]} {[%emt 00:00:07]} 5. d3 {[%clk 01:30:00]} {[%emt 00:00:06]}
d6 {[%clk 01:29:18]} {[%emt 00:00:11]} 6. a4 {[%clk 01:30:00]} {[%emt
00:00:06]} a5 {[%clk 01:29:18]} {[%emt 00:00:04]} 7. O-O {[%clk 01:30:00]}
{[%emt 00:00:07]} Bg4 {[%clk 01:28:53]} {[%emt 00:00:35]} 8. h3 {[%clk
01:30:00]} {[%emt 00:00:10]} Bh5 {[%clk 01:28:53]} {[%emt 00:00:06]} 9. Nbd2
{[%clk 01:29:42]} {[%emt 00:00:27]} Qd7 {[%clk 01:28:15]} {[%emt 00:00:50]} 10.
Re1 {[%clk 01:29:33]} {[%emt 00:00:19]} O-O {[%clk 01:28:00]} {[%emt 00:00:25]}
11. Nf1 {[%clk 01:29:32]} {[%emt 00:00:11]} Bg6 {[%clk 01:27:38]} {[%emt
00:00:32]} 12. Ng3 {[%clk 01:29:24]} {[%emt 00:00:18]} Rfe8 {[%clk 01:27:16]}
{[%emt 00:00:32]} 13. Bg5 {[%clk 01:28:49]} {[%emt 00:00:44]} d5 {[%clk
01:26:23]} {[%emt 00:01:03]} 14. exd5 {[%clk 01:28:38]} {[%emt 00:00:22]} Nxd5
{[%clk 01:25:51]} {[%emt 00:00:42]} 15. Bb5 {[%clk 01:28:06]} {[%emt 00:00:41]}
f6 {[%clk 01:24:23]} {[%emt 00:01:39]} 16. Be3 {[%clk 01:26:36]} {[%emt
00:01:36]} Bxe3 {[%clk 01:20:04]} {[%emt 00:04:31]} 17. fxe3 {[%clk 01:26:32]}
{[%emt 00:00:13]} Qd6 {[%clk 01:19:50]} {[%emt 00:00:25]} 18. Kf2 {[%clk
01:23:28]} {[%emt 00:03:14]} Rf8 {[%clk 01:17:12]} {[%emt 00:02:49]} 19. Qb3
{[%clk 01:21:32]} {[%emt 00:02:05]} Kh8 {[%clk 01:16:14]} {[%emt 00:01:09]} 20.
Rad1 {[%clk 01:18:43]} {[%emt 00:02:57]} Nce7 {[%clk 01:13:12]} {[%emt
00:03:13]} 21. Ne4 {[%clk 01:17:04]} {[%emt 00:01:50]} Qb6 {[%clk 01:12:52]}
{[%emt 00:00:30]} 22. Bc4 {[%clk 01:16:10]} {[%emt 00:01:04]} Qxb3 {[%clk
01:11:25]} {[%emt 00:01:37]} 23. Bxb3 {[%clk 01:16:10]} {[%emt 00:00:10]} b6
{[%clk 01:10:59]} {[%emt 00:00:37]} 24. Ng3 {[%clk 01:13:58]} {[%emt 00:02:20]}
c5 {[%clk 01:09:48]} {[%emt 00:01:22]} 25. Nh4 {[%clk 01:12:51]} {[%emt
00:01:16]} Rad8 {[%clk 01:08:55]} {[%emt 00:01:05]} 26. Rd2 {[%clk 01:10:00]}
{[%emt 00:03:00]} f5 {[%clk 01:05:49]} {[%emt 00:03:16]} 27. Nf1 {[%clk
01:05:52]} {[%emt 00:04:17]} f4 {[%clk 01:03:54]} {[%emt 00:02:06]} 28. e4
{[%clk 01:05:44]} {[%emt 00:00:17]} Nf6 {[%clk 01:03:10]} {[%emt 00:00:54]} 29.
Nf3 {[%clk 01:04:57]} {[%emt 00:00:56]} Nc6 {[%clk 01:02:36]} {[%emt 00:00:45]}
30. Ng5 {[%clk 01:04:21]} {[%emt 00:00:46]} Rd7 {[%clk 01:02:02]} {[%emt
00:00:44]} 31. Be6 {[%clk 01:02:35]} {[%emt 00:01:56]} Rd6 {[%clk 01:00:57]}
{[%emt 00:01:15]} 32. Bc4 {[%clk 01:01:12]} {[%emt 00:01:29]} Rfd8 {[%clk
00:56:47]} {[%emt 00:04:25]} 33. Nh2 {[%clk 00:57:33]} {[%emt 00:03:48]} R8d7
{[%clk 00:54:07]} {[%emt 00:02:51]} 34. Ngf3 {[%clk 00:56:10]} {[%emt
00:01:31]} Nxe4+ {[%clk 00:51:14]} {[%emt 00:03:04]} 35. dxe4 {[%clk 00:54:05]}
{[%emt 00:02:15]} Rxd2+ {[%clk 00:51:03]} {[%emt 00:00:21]} 36. Nxd2 {[%clk
00:54:05]} {[%emt 00:00:08]} Rxd2+ {[%clk 00:51:03]} {[%emt 00:00:06]} 37. Re2
{[%clk 00:54:02]} {[%emt 00:00:12]} Rxe2+ {[%clk 00:51:03]} {[%emt 00:00:11]}
38. Kxe2 {[%clk 00:54:01]} {[%emt 00:00:10]} Bxe4 {[%clk 00:51:03]} {[%emt
00:00:05]} 39. Kf2 {[%clk 00:52:53]} {[%emt 00:01:18]} g5 {[%clk 00:50:48]}
{[%emt 00:00:26]} 40. Bb5 {[%clk 00:51:47]} {[%emt 00:01:16]} Ne7 {[%clk
00:49:02]} {[%emt 00:01:55]} 41. Ng4 {[%clk 00:51:20]} {[%emt 00:00:35]} Ng6
{[%clk 00:47:56]} {[%emt 00:01:18]} 42. Be8 {[%clk 00:50:37]} {[%emt 00:00:54]}
Kg7 {[%clk 00:47:05]} {[%emt 00:01:00]} 43. Bxg6 {[%clk 00:50:21]} {[%emt
00:00:26]} Bxg6 {[%clk 00:46:52]} {[%emt 00:00:24]} 44. Nxe5 {[%clk 00:50:20]}
{[%emt 00:00:10]} Bc2 {[%clk 00:46:43]} {[%emt 00:00:19]} 45. Nd7 {[%clk
00:50:01]} {[%emt 00:00:29]} Bxa4 {[%clk 00:46:43]} {[%emt 00:00:07]} 46. Nxb6
{[%clk 00:49:59]} {[%emt 00:00:12]} Bc6 {[%clk 00:46:39]} {[%emt 00:00:14]} 47.
Nc4 {[%clk 00:49:14]} {[%emt 00:00:55]} a4 {[%clk 00:46:39]} {[%emt 00:00:07]}
48. Ne5 {[%clk 00:48:42]} {[%emt 00:00:42]} Be8 {[%clk 00:46:19]} {[%emt
00:00:30]} 49. c4 {[%clk 00:48:11]} {[%emt 00:00:41]} Bf7 {[%clk 00:46:11]}
{[%emt 00:00:18]} 50. Kf3 {[%clk 00:46:48]} {[%emt 00:01:33]} Be6 {[%clk
00:45:18]} {[%emt 00:01:02]} 51. Ke4 {[%clk 00:45:01]} {[%emt 00:01:56]} Kf6
{[%clk 00:45:03]} {[%emt 00:00:26]} 52. Ng4+ {[%clk 00:44:56]} {[%emt
00:00:16]} Bxg4 {[%clk 00:45:03]} {[%emt 00:00:09]} 53. hxg4 {[%clk 00:44:56]}
{[%emt 00:00:03]} Ke6 {[%clk 00:45:03]} {[%emt 00:00:07]} 54. Kd3 {[%clk
00:44:25]} {[%emt 00:00:39]} Ke5 {[%clk 00:45:03]} {[%emt 00:00:05]} 55. Kc3
{[%clk 00:43:39]} {[%emt 00:00:57]} Ke4 {[%clk 00:45:01]} {[%emt 00:00:11]} 56.
b4 {[%clk 00:41:50]} {[%emt 00:01:59]} axb3 {[%clk 00:45:01]} {[%emt 00:00:11]}
57. Kxb3 {[%clk 00:41:50]} {[%emt 00:00:02]} Kd4 {[%clk 00:44:51]} {[%emt
00:00:19]} 58. Kc2 {[%clk 00:41:50]} {[%emt 00:00:04]} Kxc4 {[%clk 00:44:51]}
{[%emt 00:00:10]} 59. Kc1 {[%clk 00:41:49]} {[%emt 00:00:10]} Kd3 {[%clk
00:44:51]} {[%emt 00:00:09]} 60. Kd1 {[%clk 00:41:49]} {[%emt 00:00:07]} c4
{[%clk 00:44:49]} {[%emt 00:00:12]} 61. Kc1 {[%clk 00:41:48]} {[%emt 00:00:11]}
Kc3 {[%clk 00:44:49]} {[%emt 00:00:03]} 62. Kd1 {[%clk 00:41:45]} {[%emt
00:00:13]} Kb2 {[%clk 00:44:49]} {[%emt 00:00:09]} 0-1

[Event "2024 National Elementary (K-6) Championship"]
[Site "Columbus, Ohio, United States"]
[Date "????.??.??"]
[Round "1.25"]
[White "Rivera, Maximiliano"]
[Black "Parul Karthikeyan, Aanya"]
[Result "0-1"]
[TimeControl "G/90; d10"]
[BlackFideId "39946886"]
[WhiteElo "803"]
[BlackElo "999"]

1. e4 {[%emt 00:00:05]} c5 {[%clk 01:30:00]} {[%emt 00:00:03]} 2. Bc4 {[%clk
01:30:00]} {[%emt 00:00:10]} Nc6 {[%clk 01:30:00]} {[%emt 00:00:06]} 3. Qh5
{[%clk 01:30:00]} {[%emt 00:00:10]} g6 {[%clk 01:29:51]} {[%emt 00:00:19]} 4.
Qxc5 {[%clk 01:30:00]} {[%emt 00:00:05]} d6 {[%clk 01:29:24]} {[%emt 00:00:38]}
5. Qb5 {[%clk 01:29:53]} {[%emt 00:00:16]} a6 {[%clk 01:29:07]} {[%emt
00:00:28]} 6. Qd5 {[%clk 01:29:43]} {[%emt 00:00:20]} Be6 {[%clk 01:28:49]}
{[%emt 00:00:27]} 7. Qd3 {[%clk 01:29:40]} {[%emt 00:00:13]} Bxc4 {[%clk
01:28:34]} {[%emt 00:00:24]} 8. Qxc4 {[%clk 01:29:40]} {[%emt 00:00:06]} Bg7
{[%clk 01:28:15]} {[%emt 00:00:30]} 9. c3 {[%clk 01:29:31]} {[%emt 00:00:19]}
Rc8 {[%clk 01:27:54]} {[%emt 00:00:31]} 10. d4 {[%clk 01:29:25]} {[%emt
00:00:15]} Nxd4 {[%clk 01:27:03]} {[%emt 00:01:01]} 11. Qa4+ {[%clk 01:29:25]}
{[%emt 00:00:10]} b5 {[%clk 01:26:08]} {[%emt 00:01:05]} 12. Qxa6 {[%clk
01:29:23]} {[%emt 00:00:12]} Nc2+ {[%clk 01:25:14]} {[%emt 00:01:04]} 13. Kd2
{[%clk 01:29:23]} {[%emt 00:00:09]} Nxa1 {[%clk 01:24:59]} {[%emt 00:00:23]} 14.
Qxb5+ {[%clk 01:29:23]} {[%emt 00:00:06]} Qd7 {[%clk 01:24:34]} {[%emt
00:00:35]} 15. Qd5 {[%clk 01:29:21]} {[%emt 00:00:12]} Nf6 {[%clk 01:24:05]}
{[%emt 00:00:39]} 16. Qd4 {[%clk 01:29:10]} {[%emt 00:00:20]} O-O {[%clk
01:23:08]} {[%emt 00:01:07]} 17. e5 {[%emt 00:00:05]} dxe5 {[%emt 00:00:34]} 18.
Qxd7 {[%clk 01:28:24]} {[%emt 00:00:17]} Nxd7 {[%clk 01:22:59]} {[%emt
00:00:19]} 19. Nf3 {[%clk 01:28:17]} {[%emt 00:00:16]} Rfd8 {[%clk 01:22:15]}
{[%emt 00:00:55]} 20. Ke3 {[%clk 01:27:55]} {[%emt 00:01:22]} Bh6+ {[%clk
01:21:47]} {[%emt 00:00:38]} 21. Ke4 {[%clk 01:27:55]} {[%emt 00:00:03]} Nc5+
{[%emt 00:00:55]} 22. Kxe5 {[%clk 01:26:53]} {[%emt 00:00:07]} f6# {[%clk
01:21:19]} 0-1

[Event "2024 National Elementary (K-6) Championship"]
[Site "Columbus, Ohio, United States"]
[Date "????.??.??"]
[Round "1.26"]
[White "Deutsch, Andrew Thomas"]
[Black "Moguel, Enoc"]
[Result "1-0"]
[TimeControl "G/90; d10"]
[WhiteElo "698"]
[BlackElo "486"]

1. e4 {[%clk 01:30:00]} {[%emt 00:00:05]} c5 {[%clk 01:30:00]} {[%emt
00:00:07]} 2. Nf3 {[%clk 01:29:58]} {[%emt 00:00:12]} Nc6 {[%clk 01:29:52]}
{[%emt 00:00:18]} 3. Bc4 {[%clk 01:29:47]} {[%emt 00:00:21]} e6 {[%clk
01:29:38]} {[%emt 00:00:24]} 4. Nc3 {[%clk 01:29:33]} {[%emt 00:00:25]} Nf6
{[%clk 01:29:25]} {[%emt 00:00:22]} 5. e5 {[%clk 01:29:05]} {[%emt 00:00:39]}
d5 {[%clk 01:28:49]} {[%emt 00:00:29]} 6. exd6 {[%clk 01:28:47]} {[%emt
00:00:43]} Qxd6 {[%clk 01:28:39]} {[%emt 00:00:21]} 7. d3 {[%clk 01:28:35]}
{[%emt 00:00:23]} e5 {[%clk 01:28:24]} {[%emt 00:00:25]} 8. h3 {[%clk
01:28:20]} {[%emt 00:00:24]} Be6 {[%clk 01:27:59]} {[%emt 00:00:35]} 9. Bxe6
{[%clk 01:27:04]} {[%emt 00:01:26]} fxe6 {[%clk 01:27:54]} {[%emt 00:00:15]} 10.
O-O {[%clk 01:26:53]} {[%emt 00:00:22]} O-O-O {[%clk 01:27:50]} {[%emt
00:00:15]} 11. Qe2 {[%clk 01:26:40]} {[%emt 00:00:22]} Be7 {[%clk 01:26:39]}
{[%emt 00:01:21]} 12. Be3 {[%clk 01:26:16]} {[%emt 00:00:33]} Rd7 {[%clk
01:25:51]} {[%emt 00:00:59]} 13. Rad1 {[%clk 01:25:59]} {[%emt 00:00:27]} Rhd8
{[%clk 01:25:48]} {[%emt 00:00:13]} 14. a3 {[%clk 01:24:49]} {[%emt 00:01:21]}
a5 {[%clk 01:25:29]} {[%emt 00:00:29]} 15. Rd2 {[%clk 01:24:12]} {[%emt
00:00:46]} Qc7 {[%clk 01:23:30]} {[%emt 00:02:08]} 16. Ng5 {[%clk 01:23:37]}
{[%emt 00:00:45]} Qb6 {[%clk 01:22:07]} {[%emt 00:01:33]} 17. Na4 {[%clk
01:22:31]} {[%emt 00:01:16]} Qb5 {[%clk 01:21:22]} {[%emt 00:00:57]} 18. b3
{[%clk 01:22:15]} {[%emt 00:00:25]} h6 {[%emt 00:02:03]} 19. Nxe6 {[%clk
01:20:23]} {[%emt 00:00:46]} Rg8 {[%clk 01:19:28]} {[%emt 00:01:27]} 20. Bxc5
{[%clk 01:19:22]} {[%emt 00:01:11]} Bxc5 {[%emt 00:00:16]} 21. Nexc5 {[%emt
00:00:37]} Rd5 {[%emt 00:00:29]} 22. c4 {[%emt 00:00:44]} Qxc5 {[%emt
00:00:44]} 23. Nxc5 {[%emt 00:00:13]} Rxc5 {[%clk 01:16:03]} {[%emt 00:00:04]}
24. f4 {[%clk 01:18:49]} {[%emt 00:01:11]} Re8 {[%clk 01:15:43]} {[%emt
00:00:30]} 25. Qf2 {[%clk 01:18:20]} {[%emt 00:00:37]} Nd4 {[%clk 01:14:56]}
{[%emt 00:00:58]} 26. fxe5 {[%clk 01:17:22]} {[%emt 00:01:09]} Rcxe5 {[%emt
00:00:31]} 27. Qxd4 {[%emt 00:00:29]} Re1 {[%clk 01:08:40]} {[%emt 00:04:15]}
28. Qh4 {[%clk 01:17:20]} {[%emt 00:01:21]} b6 {[%clk 01:07:45]} {[%emt
00:01:07]} 29. Rxe1 {[%clk 01:17:07]} {[%emt 00:00:21]} Rxe1+ {[%clk 01:07:38]}
{[%emt 00:00:19]} 30. Qxe1 {[%clk 01:17:01]} {[%emt 00:00:15]} 1-0

[Event "2024 National Elementary (K-6) Championship"]
[Site "Columbus, Ohio, United States"]
[Date "????.??.??"]
[Round "1.27"]
[White "Shan, Shiva"]
[Black "Mueller, Oliver Fox"]
[Result "1-0"]
[TimeControl "G/90; d10"]
[WhiteElo "745"]
[BlackElo "995"]

1. d4 {[%clk 01:30:00]} {[%emt 00:00:01]} d5 {[%clk 01:30:00]} {[%emt
00:00:08]} 2. c4 {[%clk 01:30:00]} {[%emt 00:00:03]} c6 {[%clk 01:28:36]}
{[%emt 00:01:34]} 3. e3 {[%clk 01:30:00]} {[%emt 00:00:04]} Bf5 {[%clk
01:26:31]} {[%emt 00:02:15]} 4. Nc3 {[%clk 01:29:48]} {[%emt 00:00:23]} Nf6
{[%clk 01:23:37]} {[%emt 00:03:03]} 5. Nf3 {[%clk 01:27:59]} {[%emt 00:02:00]}
e6 {[%clk 01:20:23]} {[%emt 00:03:22]} 6. Bd3 {[%clk 01:25:53]} {[%emt
00:02:17]} Bxd3 {[%clk 01:13:51]} {[%emt 00:06:42]} 7. Qxd3 {[%clk 01:25:45]}
{[%emt 00:00:18]} Be7 {[%clk 01:11:28]} {[%emt 00:02:33]} 8. b3 {[%emt
00:01:43]} O-O {[%clk 01:09:05]} {[%emt 00:01:42]} 9. O-O {[%clk 01:25:03]}
{[%emt 00:00:10]} Nbd7 {[%clk 01:07:30]} {[%emt 00:01:44]} 10. Bb2 {[%clk
01:23:03]} {[%emt 00:02:11]} Qc7 {[%clk 01:05:06]} {[%emt 00:02:32]} 11. e4
{[%clk 01:22:48]} {[%emt 00:00:26]} Nb6 {[%emt 00:15:56]} 12. c5 {[%clk
01:18:01]} {[%emt 00:01:45]} Nbd7 {[%clk 00:50:22]} {[%emt 00:02:20]} 13. e5
{[%clk 01:17:08]} {[%emt 00:01:04]} Nh5 {[%clk 00:46:39]} {[%emt 00:03:52]} 14.
Nd2 {[%clk 01:12:27]} {[%emt 00:04:51]} Nf4 {[%clk 00:45:38]} {[%emt 00:01:09]}
15. Qe3 {[%clk 01:11:46]} {[%emt 00:00:53]} Ng6 {[%clk 00:42:54]} {[%emt
00:02:52]} 16. f4 {[%clk 01:05:37]} {[%emt 00:06:21]} f6 {[%clk 00:39:59]}
{[%emt 00:03:04]} 17. Nf3 {[%clk 01:00:46]} {[%emt 00:05:02]} b6 {[%clk
00:38:22]} {[%emt 00:01:48]} 18. b4 {[%clk 01:00:30]} {[%emt 00:00:26]} a5
{[%clk 00:36:28]} {[%emt 00:02:04]} 19. a3 {[%clk 00:59:59]} {[%emt 00:00:41]}
Rab8 {[%clk 00:33:27]} {[%emt 00:03:09]} 20. Rab1 {[%clk 00:59:45]} {[%emt
00:00:25]} bxc5 {[%clk 00:32:12]} {[%emt 00:01:24]} 21. bxc5 {[%clk 00:59:06]}
{[%emt 00:00:49]} Rb3 {[%clk 00:30:22]} {[%emt 00:02:00]} 22. Nd2 {[%clk
00:57:36]} {[%emt 00:01:41]} Rb7 {[%clk 00:28:42]} {[%emt 00:01:49]} 23. Na4
{[%clk 00:56:54]} {[%emt 00:00:54]} Rfb8 {[%clk 00:23:24]} {[%emt 00:05:26]} 24.
Ba1 {[%clk 00:53:49]} {[%emt 00:03:16]} f5 {[%clk 00:20:46]} {[%emt 00:02:49]}
25. Rb3 {[%clk 00:53:17]} {[%emt 00:00:42]} Rb5 {[%clk 00:18:23]} {[%emt
00:02:33]} 26. Rfb1 {[%clk 00:52:47]} {[%emt 00:00:39]} Rxb3 {[%clk 00:16:33]}
{[%emt 00:01:59]} 27. Nxb3 {[%clk 00:51:40]} {[%emt 00:01:19]} Qb7 {[%clk
00:14:40]} {[%emt 00:02:01]} 28. g3 {[%clk 00:50:30]} {[%emt 00:01:20]} Qb5
{[%clk 00:14:09]} {[%emt 00:00:41]} 29. Nb6 {[%clk 00:45:27]} {[%emt 00:05:14]}
Nxb6 {[%clk 00:11:45]} {[%emt 00:02:33]} 30. Nd2 {[%clk 00:43:21]} {[%emt
00:02:16]} Qa6 {[%clk 00:08:54]} {[%emt 00:03:02]} 31. Qb3 {[%clk 00:41:32]}
{[%emt 00:01:59]} Bd8 {[%clk 00:08:00]} {[%emt 00:01:03]} 32. cxb6 {[%clk
00:40:13]} {[%emt 00:01:26]} Rxb6 {[%clk 00:07:37]} {[%emt 00:00:36]} 33. Qc2
{[%clk 00:38:32]} {[%emt 00:01:52]} h5 {[%clk 00:06:02]} {[%emt 00:01:44]} 34.
Bc3 {[%clk 00:30:49]} {[%emt 00:07:53]} Ne7 {[%clk 00:03:49]} {[%emt 00:02:23]}
35. Nb3 {[%clk 00:29:23]} {[%emt 00:01:36]} Qb7 {[%clk 00:01:57]} {[%emt
00:01:58]} 36. Bxa5 {[%clk 00:26:55]} {[%emt 00:02:42]} Nc8 {[%clk 00:01:26]}
{[%emt 00:00:41]} 37. Bxb6 {[%clk 00:24:48]} {[%emt 00:02:17]} Nxb6 {[%clk
00:01:06]} {[%emt 00:00:30]} 38. Na5 {[%clk 00:23:45]} {[%emt 00:01:13]} Qa6
{[%clk 00:00:53]} {[%emt 00:00:24]} 39. Nxc6 {[%clk 00:23:43]} {[%emt
00:00:12]} Bc7 {[%clk 00:00:22]} {[%emt 00:00:39]} 40. Ne7+ {[%clk 00:23:28]}
{[%emt 00:00:26]} Kh7 {[%clk 00:00:16]} {[%emt 00:00:17]} 41. Qxc7 {[%clk
00:22:35]} {[%emt 00:01:03]} Kh6 {[%emt 00:00:22]} 42. Rxb6 {[%clk 00:22:24]}
{[%emt 00:00:21]} Qxa3 {[%clk 00:00:00]} {[%emt 00:00:14]} 1-0